[Event "COL-ch"]
[Site "Bogota"]
[Date "2018.11.08"]
[Round "4"]
[White "Bejarano, Danny Andres"]
[Black "Neira, Oscar Roberto"]
[Result "1-0"]
[WhiteElo "2063"]
[BlackElo "1874"]
[PlyCount "89"]
[EventDate "2018.11.06"]
[EventType "swiss"]
[EventRounds "9"]
[EventCountry "COL"]
[SourceTitle "CBM 187 Extra"]
[Source "ChessBase"]
[SourceDate "2018.11.04"]
[SourceVersion "1"]
[SourceVersionDate "2018.11.04"]
[SourceQuality "1"]

1. e4 e5 2. Nf3 Nc6 3. Bc4 Bc5 4. b4 Bxb4 5. c3 Ba5 6. d4 exd4 7. 0-0 Nge7 8. Ng5 Ne5 9. Bxf7+ Nxf7 10. Nxf7 Kxf7 11. Qh5+ Ng6 12. Qxa5 d6 13. cxd4 Re8 14. Nc3 Kg8 15. Bg5 Qd7 16. f4 c6 17. f5 Nh8 18. f6 Nf7 19. fxg7 Nxg5 20. Qxg5 Qxg7 21. Qd2 Bg4 22. Rf4 Rf8 23. Raf1 Rxf4 24. Rxf4 Bh5 25. e5 dxe5 26. Rf5 exd4 27. Ne4 Bg6 28. Nf6+ Kh8 29. Rf4 d3 30. g4 Qe7 31. Qc3 Qg7 32. Rd4 Rf8 33. g5 Be8 34. Rg4 Rxf6 35. Qxf6 Qxf6 36. gxf6 Bg6 37. Rd4 Kg8 38. Rd7 b5 39. Rxa7 Be4 40. Kf2 c5 41. Ke3 Bg6 42. Ra5 Kf7 43. Rxb5 Kxf6 44. Rxc5 Ke6 45. Rc6+ 1-0

[Event "COL-chT"]
[Site "Ibague"]
[Date "2018.10.11"]
[Round "2.1"]
[White "Neira, Oscar Roberto"]
[Black "Matoma, Yimmy"]
[Result "1/2-1/2"]
[WhiteElo "1877"]
[BlackElo "2061"]
[PlyCount "105"]
[EventDate "2018.10.11"]
[EventType "team-swiss"]
[EventRounds "6"]
[EventCountry "COL"]
[SourceTitle "CBM 186 Extra"]
[Source "ChessBase"]
[SourceDate "2018.08.24"]
[SourceVersion "1"]
[SourceVersionDate "2018.08.24"]
[SourceQuality "1"]
[WhiteTeam "Tolima III"]
[BlackTeam "Tolima Masivo"]
[WhiteTeamCountry "COL"]
[BlackTeamCountry "COL"]

1. e4 c5 2. Nf3 Nc6 3. d4 cxd4 4. Nxd4 Nf6 5. Nc3 d6 6. Be2 e5 7. Nb3 Be6 8. g4 Be7 9. g5 Nd7 10. h4 Nb6 11. f4 f5 12. Bh5+ g6 13. exf5 Bxf5 14. Bf3 Qd7 15. Nd5 Nxd5 16. Bxd5 0-0-0 17. Bd2 Kb8 18. Bc3 Rhe8 19. 0-0 Bf8 20. Bg2 d5 21. Bxe5+ Nxe5 22. fxe5 Rxe5 23. c3 h6 24. Re1 Be4 25. Bxe4 dxe4 26. Qxd7 Rxd7 27. Rf1 Rd8 28. gxh6 Bxh6 29. Rf6 Rh5 30. Rxg6 Rxh4 31. Kg2 Bf4 32. Rh1 Rxh1 33. Kxh1 Rd1+ 34. Rg1 Rd5 35. Re1 Rh5+ 36. Kg1 e3 37. Re2 Kc7 38. Kg2 Kd6 39. Nc1 Ke5 40. Nd3+ Kf5 41. Kf3 Rh3+ 42. Kg2 Rg3+ 43. Kf1 Ke4 44. Ne1 b5 45. Rg2 a5 46. Ke2 Rxg2+ 47. Nxg2 a4 48. Ne1 Bd6 49. Nc2 Bc5 50. a3 Ba7 51. Nb4 Bb6 52. Nc2 Bc5 53. Ne1 1/2-1/2

[Event "Pan American Amateur-ch"]
[Site "San Andres Islas"]
[Date "2014.08.29"]
[Round "7"]
[White "Neira, Oscar Roberto"]
[Black "Pena Mora, Carlos"]
[Result "1-0"]
[WhiteElo "1806"]
[BlackElo "1648"]
[PlyCount "103"]
[EventDate "2014.08.26"]
[EventType "swiss"]
[EventRounds "9"]
[EventCountry "COL"]
[SourceTitle "EXT 2016"]
[Source "ChessBase"]
[SourceDate "2015.10.08"]
[SourceVersion "1"]
[SourceVersionDate "2015.10.08"]
[SourceQuality "1"]

1. e4 c5 2. Nc3 d6 3. g3 Nf6 4. Bg2 Nc6 5. d3 g6 6. Nge2 Bg7 7. 0-0 0-0 8. Be3 Ng4 9. Bg5 f6 10. Bf4 e5 11. Bd2 f5 12. f4 exf4 13. Nxf4 Bd4+ 14. Kh1 Nf2+ 15. Rxf2 Bxf2 16. Nce2 fxe4 17. Bxe4 Qf6 18. c3 c4 19. d4 Bg4 20. Qf1 g5 21. Qxf2 gxf4 22. Nxf4 Rae8 23. Bd5+ Be6 24. Bf3 Bd7 25. Qg2 Ne7 26. Bxb7 Rb8 27. b4 Rxb7 28. Nd5 Nxd5 29. Qxd5+ Be6 30. Qxb7 d5 31. Bf4 Rf7 32. Qb8+ Rf8 33. Qe5 Qg6 34. Re1 Re8 35. Qg5 Kf7 36. Qxg6+ hxg6 37. Re5 a6 38. Kg2 Rh8 39. h4 a5 40. a4 axb4 41. cxb4 Ra8 42. a5 Rb8 43. Rxe6 Rxb4 44. Rc6 c3 45. Rxc3 Rxd4 46. Ra3 Re4 47. a6 Re8 48. a7 Ra8 49. Be3 Ke6 50. Rb3 d4 51. Bxd4 Kd5 52. Rb8 1-0

[Event "Pan American Amateur-ch"]
[Site "San Andres Islas"]
[Date "2014.08.29"]
[Round "6"]
[White "Quiros, Juan Pablo"]
[Black "Neira, Oscar Roberto"]
[Result "1-0"]
[WhiteElo "1926"]
[BlackElo "1806"]
[PlyCount "63"]
[EventDate "2014.08.26"]
[EventType "swiss"]
[EventRounds "9"]
[EventCountry "COL"]
[SourceTitle "EXT 2016"]
[Source "ChessBase"]
[SourceDate "2015.10.08"]
[SourceVersion "1"]
[SourceVersionDate "2015.10.08"]
[SourceQuality "1"]

1. d4 d5 2. Nf3 Nf6 3. Bf4 g6 4. c4 Bg7 5. Nc3 0-0 6. e3 c5 7. Be2 Nc6 8. 0-0 cxd4 9. exd4 h6 10. Rc1 Be6 11. c5 Nh5 12. Be3 Bg4 13. Qa4 e6 14. Rfd1 Qf6 15. b4 Nf4 16. Bxf4 Qxf4 17. b5 Ne7 18. Qb4 Rfc8 19. a4 Nf5 20. g3 Qc7 21. Kg2 Bxf3+ 22. Bxf3 Nxd4 23. Rxd4 Qxc5 24. Ne2 Qxc1 25. Nxc1 Bxd4 26. Ne2 Bf6 27. h4 Rc4 28. Qb3 Rac8 29. h5 gxh5 30. Bxh5 Kf8 31. a5 Rc2 32. Qe3 1-0